<?xml version="1.0" encoding="UTF-8"?>
<record
    xmlns:xsi="http://www.w3.org/2001/XMLSchema-instance"
    xsi:schemaLocation="http://www.loc.gov/MARC21/slim http://www.loc.gov/standards/marcxml/schema/MARC21slim.xsd"
    xmlns="http://www.loc.gov/MARC21/slim">

  <leader>01161    a2200253   4500</leader>
  <controlfield tag="001">117266</controlfield>
  <datafield tag="020" ind1=" " ind2=" ">
    <subfield code="a">9788574069067</subfield>
  </datafield>
  <datafield tag="041" ind1=" " ind2=" ">
    <subfield code="a">por</subfield>
  </datafield>
  <datafield tag="082" ind1=" " ind2=" ">
    <subfield code="a">SK 028</subfield>
  </datafield>
  <datafield tag="100" ind1=" " ind2=" ">
    <subfield code="a">Franco, Blandina.</subfield>
  </datafield>
  <datafield tag="250" ind1=" " ind2=" ">
    <subfield code="a">1.ed.</subfield>
  </datafield>
  <datafield tag="300" ind1=" " ind2=" ">
    <subfield code="a">[s.p.]</subfield>
  </datafield>
  <datafield tag="520" ind1=" " ind2=" ">
    <subfield code="a">O Pum tem essa mania de escapar por a&#xED;. Quando a gente menos espera, l&#xE1; vai o Pum fazendo o maior barulho e uma grande confus&#xE3;o! Depois de aprontar com a Meleca do irm&#xE3;o e com o Piriri do vizinho, o que ser&#xE1; que vai acontecer quando o Pum escapar bem na hora do banho?
Feito de material imperme&#xE1;vel e macio, este livro pode ser lido para beb&#xEA;s e crian&#xE7;as at&#xE9; mesmo embaixo do chuveiro ou dentro da banheira. Ao final da hist&#xF3;ria, os leitores v&#xE3;o descobrir se o Pum finalmente ficou cheirosinho.</subfield>
  </datafield>
  <datafield tag="521" ind1=" " ind2=" ">
    <subfield code="a">SK</subfield>
  </datafield>
  <datafield tag="697" ind1=" " ind2=" ">
    <subfield code="a">Literatura infantil</subfield>
  </datafield>
  <datafield tag="697" ind1=" " ind2=" ">
    <subfield code="a">Livro de banho</subfield>
  </datafield>
  <datafield tag="856" ind1=" " ind2=" ">
    <subfield code="u">000029/000029f9.jpg</subfield>
  </datafield>
  <datafield tag="040" ind1=" " ind2=" ">
    <subfield code="a">BR-BrIDEA</subfield>
    <subfield code="c">BR-BrIDEA</subfield>
  </datafield>
  <datafield tag="090" ind1=" " ind2=" ">
    <subfield code="a">A SK 028</subfield>
    <subfield code="b">FRA</subfield>
  </datafield>
  <datafield tag="245" ind1="1" ind2="0">
    <subfield code="a">Soltei o Pum na banheira</subfield>
    <subfield code="c">Blandina Franco; ilustra&#xE7;&#xF5;es de Jos&#xE9; Carlos Lollo</subfield>
  </datafield>
  <datafield tag="260" ind1=" " ind2=" ">
    <subfield code="a">S&#xE3;o  Paulo</subfield>
    <subfield code="b">Companhia das Letrinhas</subfield>
    <subfield code="c">2020</subfield>
  </datafield>
  <datafield tag="700" ind1=" " ind2=" ">
    <subfield code="a">Lollo, Jos&#xE9; Carlos.</subfield>
    <subfield code="e">Ilustrador</subfield>
  </datafield>
  <datafield tag="942" ind1=" " ind2=" ">
    <subfield code="c">BK</subfield>
  </datafield>
  <datafield tag="952" ind1=" " ind2=" ">
    <subfield code="0">0</subfield>
    <subfield code="1">0</subfield>
    <subfield code="2">ddc</subfield>
    <subfield code="4">0</subfield>
    <subfield code="7">0</subfield>
    <subfield code="a">12.27</subfield>
    <subfield code="b">12.27</subfield>
    <subfield code="d">2021-05-28</subfield>
    <subfield code="l">1</subfield>
    <subfield code="o">A SK 028 FRA</subfield>
    <subfield code="p">00054248AGC</subfield>
    <subfield code="r">2024-10-28 15:24:10</subfield>
    <subfield code="s">2024-08-05</subfield>
    <subfield code="w">2024-01-23</subfield>
    <subfield code="y">BK</subfield>
  </datafield>
  <datafield tag="952" ind1=" " ind2=" ">
    <subfield code="0">0</subfield>
    <subfield code="1">0</subfield>
    <subfield code="2">ddc</subfield>
    <subfield code="4">0</subfield>
    <subfield code="7">0</subfield>
    <subfield code="a">12.27</subfield>
    <subfield code="b">12.27</subfield>
    <subfield code="d">2021-05-28</subfield>
    <subfield code="l">0</subfield>
    <subfield code="o">A SK 028 FRA</subfield>
    <subfield code="p">00054249AGC</subfield>
    <subfield code="r">2024-01-23 14:59:33</subfield>
    <subfield code="w">2024-01-23</subfield>
    <subfield code="y">BK</subfield>
  </datafield>
  <datafield tag="999" ind1=" " ind2=" ">
    <subfield code="c">117266</subfield>
    <subfield code="d">117266</subfield>
  </datafield>
</record>
